[Event "Rated Blitz game"]
[Site "?"]
[Date "2021.06.09"]
[Round "?"]
[White "MVPRodgers"]
[Black "KinzyabulatovRenat"]
[Result "0-1"]
[WhiteElo "2543"]
[BlackElo "2398"]
[PlyCount "58"]
[EventDate "2021.??.??"]
[EventType "blitz"]

1. e4 e5 2. Nf3 d5 3. Nxe5 Bd6 4. d4 dxe4 5. Bc4 Bxe5 6. dxe5 Qxd1+ 7. Kxd1 Nc6
8. Bf4 Nge7 9. Nd2 Ng6 10. Bg3 h5 11. h3 h4 12. Bh2 Ngxe5 13. Bb5 Bd7 14. Nxe4
O-O-O 15. Kc1 Rhe8 16. Ng5 f6 17. Ne4 Nd4 18. Bxd7+ Rxd7 19. Nc3 Nc4 20. b3 Na3
21. Rd1 Naxc2 22. Rb1 Nb4 23. Rb2 Red8 24. Rbd2 c5 25. Bf4 b6 26. Be3 Nf5 27.
Rxd7 Rxd7 28. Rxd7 Kxd7 29. Bf4 Nd3+ {Normal} 0-1

[Event "Rated Blitz game"]
[Site "?"]
[Date "2021.06.09"]
[Round "?"]
[White "Swordoftheword16"]
[Black "KinzyabulatovRenat"]
[Result "0-1"]
[WhiteElo "2524"]
[BlackElo "2408"]
[PlyCount "70"]
[EventDate "2021.??.??"]
[EventType "blitz"]

1. e4 e5 2. Nf3 d5 3. exd5 e4 4. Ng5 Qxg5 5. d3 Qxd5 6. Nc3 Bb4 7. Bd2 Bxc3 8.
Bxc3 Nf6 9. Qe2 Bg4 10. f3 Be6 11. dxe4 Qc6 12. O-O-O Nbd7 13. g4 h6 14. h4
O-O-O 15. Qe3 Qb6 16. Bd4 Qa5 17. a3 Nb6 18. Bc3 Rxd1+ 19. Kxd1 Rd8+ 20. Kc1
Qa4 21. Qc5 Nfd7 22. Qe3 f6 23. g5 hxg5 24. hxg5 Ne5 25. gxf6 gxf6 26. Rh7 Nbc4
27. Qc5 Qc6 28. Qe7 Nxf3 29. Bxf6 Re8 30. Qb4 Qxe4 31. Bd3 Qe1+ 32. Qxe1 Nxe1
33. Be4 Nd6 34. Bh1 Bf5 35. Kd2 Bxh7 {Normal} 0-1

[Event "Rated Blitz tournament UhbYpRI7"]
[Site "?"]
[Date "2021.06.09"]
[Round "?"]
[White "Piterskii_KMC"]
[Black "dr_xStranger"]
[Result "0-1"]
[WhiteElo "2409"]
[BlackElo "2510"]
[PlyCount "50"]
[EventDate "2021.??.??"]
[EventType "blitz"]

1. e4 e5 2. Nf3 d5 3. Nxe5 Bd6 4. Nxf7 Kxf7 5. exd5 Nf6 6. Nc3 Re8+ 7. Be2 Ng4
8. h3 Qh4 9. O-O Nh2 10. Re1 Bxh3 11. d4 Bg4 12. Bxg4 Nxg4 13. Qf3+ Nf6 14.
Rxe8 Kxe8 15. g3 Qxd4 16. Bg5 Nbd7 17. Re1+ Kf7 18. Qf5 Qg4 19. Qe6+ Kf8 20.
Bxf6 Nxf6 21. Ne4 Qxe6 22. dxe6 Nxe4 23. Rxe4 Ke7 24. f4 Rf8 25. g4 Rxf4 {
Normal} 0-1

[Event "Rated Blitz game"]
[Site "?"]
[Date "2021.06.09"]
[Round "?"]
[White "Plmlgs99"]
[Black "annaly1979"]
[Result "1/2-1/2"]
[WhiteElo "2535"]
[BlackElo "2501"]
[PlyCount "74"]
[EventDate "2021.??.??"]
[EventType "blitz"]

1. e4 e5 2. Nf3 d5 3. d3 dxe4 4. dxe4 Qxd1+ 5. Kxd1 Bg4 6. c3 Bc5 7. Ke1 f6 8.
Nbd2 Ne7 9. Bc4 Nbc6 10. h3 Bh5 11. b4 Bb6 12. a4 a5 13. b5 Nd8 14. Ba3 Bf7 15.
Ke2 Ne6 16. g3 h6 17. h4 Nc5 18. Bxf7+ Kxf7 19. Bxc5 Bxc5 20. Nc4 Rhd8 21. h5
Nc8 22. Rad1 Nd6 23. Nxd6+ Bxd6 24. Nh4 Bc5 25. Nf5 Bf8 26. Rxd8 Rxd8 27. Rd1
Rxd1 28. Kxd1 Ke6 29. Ke2 Kf7 30. Kd3 g6 31. hxg6+ Kxg6 32. Kc4 c6 33. f3 h5
34. Nh4+ Kg5 35. Nf5 Kg6 36. Ne3 Kg5 37. Nf5 Kg6 {Normal} 1/2-1/2

[Event "Rated Blitz game"]
[Site "?"]
[Date "2021.06.09"]
[Round "?"]
[White "Zutano"]
[Black "annaly1979"]
[Result "1-0"]
[WhiteElo "2520"]
[BlackElo "2503"]
[PlyCount "101"]
[EventDate "2021.??.??"]
[EventType "blitz"]

1. e4 e5 2. Nf3 d5 3. exd5 e4 4. Qe2 f5 5. d3 Nf6 6. Bg5 Be7 7. Bxf6 Bxf6 8.
Nc3 O-O 9. dxe4 fxe4 10. Nxe4 Bxb2 11. Rb1 Bf6 12. Qc4 Kh8 13. Bd3 Bf5 14. O-O
Nd7 15. Nxf6 Bxd3 16. cxd3 Rxf6 17. Rxb7 Nb6 18. Qxc7 Qxc7 19. Rxc7 Nxd5 20.
Rd7 Nf4 21. g3 Ng6 22. Nd4 Ne5 23. Rd5 Nxd3 24. Nb3 Nb4 25. Ra5 Nc6 26. Ra6 Nb4
27. Rxf6 gxf6 28. a3 Nc2 29. a4 Rb8 30. Nc5 Nd4 31. Rd1 Nf3+ 32. Kg2 Ne5 33.
Rd6 Kg7 34. Ra6 Rc8 35. Rxa7+ Kg6 36. Ne6 Rc2 37. Nf4+ Kf5 38. h3 h5 39. Rh7
Ra2 40. Rxh5+ Ke4 41. Rh6 Kf5 42. Rh5+ Ke4 43. Rh6 Kf5 44. Nd5 Rxa4 45. Rxf6+
Kg5 46. f4+ Kh5 47. fxe5 Ra2+ 48. Kf3 Ra3+ 49. Kf4 Ra4+ 50. Kf5 Rf4+ 51. Nxf4#
{Normal} 1-0

[Event "Rated Blitz game"]
[Site "?"]
[Date "2021.06.09"]
[Round "?"]
[White "dudewithabigflute"]
[Black "Fantastic_power06"]
[Result "1-0"]
[WhiteElo "2806"]
[BlackElo "2615"]
[PlyCount "111"]
[EventDate "2021.??.??"]
[EventType "blitz"]

1. e4 e5 2. Nf3 d5 3. exd5 e4 4. Qe2 Nf6 5. Nc3 Be7 6. Nxe4 O-O 7. Nxf6+ Bxf6
8. d4 Qxd5 9. c4 Qa5+ 10. Bd2 Qb6 11. Bc3 Bg4 12. O-O-O Nc6 13. c5 Qa6 14. Qxa6
bxa6 15. Bxa6 Rad8 16. d5 Bxc3 17. bxc3 Bxf3 18. gxf3 Ne5 19. f4 Ng4 20. Rd2
Nf6 21. c4 Ne4 22. c6 Nxd2 23. Kxd2 Rb8 24. Bb7 Rfd8 25. Re1 Kf8 26. Kc3 Rd6
27. Kd4 Rbd8 28. Kc5 Rh6 29. Ba6 Rxh2 30. Rb1 Rxf2 31. Rb7 Rxa2 32. Bb5 a6 33.
Ra7 h5 34. Bxa6 h4 35. Rxc7 Rxa6 36. Rb7 h3 37. Rb3 Ra5+ 38. Kb6 Rb8+ 39. Kxa5
Rxb3 40. c7 Ra3+ 41. Kb6 Ra8 42. d6 Ke8 43. Kc6 h2 44. d7+ Ke7 45. c8=Q h1=Q+
46. Kc7 Ra7+ 47. Kb6 Qg1+ 48. c5 Rb7+ 49. Qxb7 Qb1+ 50. Kc7 Qc1 51. Qe4+ Kf6
52. Qd4+ Kg6 53. Qd6+ Kh7 54. c6 Kg8 55. Kc8 Kh7 56. Kd8 {Time forfeit} 1-0

[Event "Rated Blitz game"]
[Site "?"]
[Date "2021.06.09"]
[Round "?"]
[White "picaflor93"]
[Black "annaly1979"]
[Result "1-0"]
[WhiteElo "2507"]
[BlackElo "2515"]
[PlyCount "85"]
[EventDate "2021.??.??"]
[EventType "blitz"]

1. e4 e5 2. Nf3 d5 3. exd5 e4 4. Qe2 f5 5. d3 Nf6 6. Bg5 Be7 7. dxe4 fxe4 8.
Nfd2 O-O 9. Nc3 Bf5 10. O-O-O Nbd7 11. h3 a6 12. g4 Bg6 13. Bg2 Nxd5 14. Bxe7
Nxe7 15. Ndxe4 Qe8 16. Ng5 Nc6 17. Qxe8 Bxe8 18. Rhf1 Nb6 19. Nd5 Nxd5 20.
Bxd5+ Kh8 21. Ne6 Rf7 22. Nc5 Re7 23. Nxb7 Rb8 24. Nc5 Nb4 25. Bb3 a5 26. a3 a4
27. Bc4 Nc6 28. Rfe1 Bg6 29. Rxe7 Nxe7 30. Rd7 Nc6 31. f4 Na5 32. Bd5 c6 33.
Ba2 Be8 34. Ra7 Nb3+ 35. cxb3 axb3 36. Nxb3 h5 37. g5 Bf7 38. Rxf7 Re8 39. Nd4
Re1+ 40. Kd2 Rh1 41. g6 Rh2+ 42. Kc3 Kg8 43. Rf6+ {Normal} 1-0

[Event "Rated Blitz game"]
[Site "?"]
[Date "2021.06.09"]
[Round "?"]
[White "picaflor93"]
[Black "annaly1979"]
[Result "0-1"]
[WhiteElo "2518"]
[BlackElo "2503"]
[PlyCount "109"]
[EventDate "2021.??.??"]
[EventType "blitz"]

1. e4 e5 2. Nf3 d5 3. exd5 e4 4. Ne5 Bd6 5. Nc4 Nf6 6. Nc3 h6 7. Ne3 O-O 8. d3
Re8 9. dxe4 Nxe4 10. Nxe4 Rxe4 11. Bd3 Re8 12. O-O Nd7 13. b3 Qf6 14. Rb1 Ne5
15. Bb2 Qh4 16. g3 Qh3 17. f4 Bg4 18. Nxg4 Nxg4 19. Qd2 Re3 20. Bd4 Re7 21. Qg2
Qxg2+ 22. Kxg2 Rae8 23. Bf5 Ne3+ 24. Bxe3 Rxe3 25. Rf2 Bc5 26. Rd2 g6 27. Bg4
h5 28. Bf3 h4 29. gxh4 Bd6 30. h5 Bxf4 31. Rbd1 R3e5 32. hxg6 Bxd2 33. gxf7+
Kxf7 34. Rxd2 Kf6 35. d6 cxd6 36. Rxd6+ R5e6 37. Rd7 R8e7 38. Rxb7 Rxb7 39.
Bxb7 Re2+ 40. Kg3 Rxc2 41. a4 Rc3+ 42. Kg4 Rxb3 43. Bc6 a5 44. h4 Rb4+ 45. Kg3
Rc4 46. Bb5 Rd4 47. Kf3 Kf5 48. Ke3 Rxh4 49. Kd3 Ke5 50. Kc2 Kd4 51. Kb3 Kc5
52. Kb2 Kb4 53. Kc2 Rh3 54. Bd7 Rg3 55. Bc6 {Normal} 0-1

[Event "Rated Blitz game"]
[Site "?"]
[Date "2021.06.09"]
[Round "?"]
[White "RiskyBlitzer"]
[Black "BrilliantGambiteer"]
[Result "1-0"]
[WhiteElo "2454"]
[BlackElo "2380"]
[PlyCount "47"]
[EventDate "2021.??.??"]
[EventType "blitz"]

1. e4 e5 2. Nf3 d5 3. Nxe5 Bd6 4. d4 dxe4 5. Bc4 Bxe5 6. Qh5 Qe7 7. dxe5 Be6 8.
Bxe6 Qxe6 9. Nc3 Nc6 10. Bf4 g6 11. Qe2 Nxe5 12. Qb5+ Nc6 13. O-O-O Nge7 14.
Rhe1 f5 15. Bh6 Kf7 16. f3 Rab8 17. fxe4 f4 18. Rf1 Rhd8 19. Rxf4+ Kg8 20. Rdf1
Nd4 21. Qd3 Qd6 22. Qc4+ Qe6 23. Qxd4 Nf5 24. exf5 {Normal} 1-0

[Event "Rated Blitz game"]
[Site "?"]
[Date "2021.06.09"]
[Round "?"]
[White "VinzentSpitzl"]
[Black "KinzyabulatovRenat"]
[Result "0-1"]
[WhiteElo "2409"]
[BlackElo "2408"]
[PlyCount "86"]
[EventDate "2021.??.??"]
[EventType "blitz"]

1. e4 e5 2. Nf3 d5 3. Nxe5 Bd6 4. d4 dxe4 5. Nc3 Bxe5 6. dxe5 Qxd1+ 7. Kxd1 Bf5
8. Bf4 Nc6 9. Bb5 Nge7 10. Ke2 O-O-O 11. Ke3 Nb4 12. Bg5 f6 13. exf6 gxf6 14.
Bxf6 Nbd5+ 15. Nxd5 Nxd5+ 16. Ke2 Nxf6 17. h3 h5 18. a4 a6 19. Bc4 Rd4 20. Bf7
Rf8 21. Bb3 Rfd8 22. Ke3 c5 23. a5 Nd5+ 24. Bxd5 R8xd5 25. Ra3 Rd2 26. Rc3 Kd7
27. Rg1 h4 28. Ra1 Kc6 29. Raa3 Rd1 30. Rab3 Rg1 31. Rb6+ Kc7 32. Rf6 Rxg2 33.
b4 Bxh3 34. Kxe4 Rd4+ 35. Kf3 Rg7 36. Rxc5+ Kd7 37. c3 Bg2+ 38. Ke3 Rd6 39. Rf8
h3 40. Rfc8 Re7+ 41. Kf4 h2 42. Kf5 Bh3+ 43. Kf4 h1=Q {Normal} 0-1

[Event "Rated Blitz game"]
[Site "?"]
[Date "2021.06.09"]
[Round "?"]
[White "Hyo_Lee"]
[Black "Amurskayakula11"]
[Result "0-1"]
[WhiteElo "2463"]
[BlackElo "2321"]
[PlyCount "68"]
[EventDate "2021.??.??"]
[EventType "blitz"]

1. e4 e5 2. Nf3 d5 3. Nxe5 Bd6 4. d4 dxe4 5. Nc3 Bxe5 6. dxe5 Qxd1+ 7. Nxd1 Nc6
8. Bf4 Bg4 9. Ne3 Bh5 10. g4 Bg6 11. h4 h5 12. Bb5 O-O-O 13. Bxc6 bxc6 14. Rd1
Rxd1+ 15. Kxd1 hxg4 16. Kd2 f5 17. exf6 Nxf6 18. Be5 Rd8+ 19. Kc1 Nh5 20. Nxg4
Rf8 21. Rd1 Bf5 22. Ne3 Be6 23. Rd4 Rxf2 24. Rxe4 Bf7 25. b3 Bg6 26. Rg4 Bf7
27. a4 Re2 28. Bd4 g6 29. Kd1 Rf2 30. Nd5 Bxd5 31. Rxg6 Rh2 32. Bxa7 Kb7 33.
Bc5 Be4 34. Kc1 Bxg6 {Normal} 0-1

[Event "Rated Blitz game"]
[Site "?"]
[Date "2021.06.09"]
[Round "?"]
[White "YEIKOCASTELLA"]
[Black "KinzyabulatovRenat"]
[Result "1-0"]
[WhiteElo "2401"]
[BlackElo "2377"]
[PlyCount "69"]
[EventDate "2021.??.??"]
[EventType "blitz"]

1. e4 e5 2. Nf3 d5 3. exd5 e4 4. Ne5 Qxd5 5. d4 exd3 6. Nxd3 Nc6 7. Nc3 Qa5 8.
Nf4 Bd7 9. Bc4 O-O-O 10. O-O Nf6 11. Bd2 Ne5 12. Ncd5 Qc5 13. Bb3 Nxd5 14. Nxd5
Bc6 15. c4 Nxc4 16. Qg4+ Kb8 17. Bxc4 Bxd5 18. Rac1 Bxc4 19. Rxc4 Qb6 20. Be3
Qe6 21. Qe2 a6 22. Rfc1 Bd6 23. b4 f5 24. Ba7+ Kxa7 25. Qxe6 g6 26. Qe3+ Kb8
27. Qf3 Rhe8 28. g3 Re5 29. a4 Rde8 30. b5 axb5 31. axb5 Rxb5 32. Qc3 Rc8 33.
Qd4 Be5 34. Qd7 f4 35. Qxb5 {Normal} 1-0

[Event "Rated Blitz game"]
[Site "?"]
[Date "2021.06.09"]
[Round "?"]
[White "berndhoy"]
[Black "pasha1984"]
[Result "1-0"]
[WhiteElo "2435"]
[BlackElo "2401"]
[PlyCount "101"]
[EventDate "2021.??.??"]
[EventType "blitz"]

1. e4 e5 2. Nf3 d5 3. exd5 e4 4. Qe2 Nf6 5. c4 c6 6. Ng5 Bf5 7. d3 cxd5 8. cxd5
Qxd5 9. dxe4 Nxe4 10. f3 Bb4+ 11. Bd2 Bxd2+ 12. Nxd2 O-O 13. Ngxe4 Nc6 14. Qc4
Qe5 15. Be2 Rac8 16. Qb5 Qd4 17. Qxf5 Qxb2 18. O-O Nd4 19. Qg5 Nxe2+ 20. Kh1 b6
21. Qe3 Nc3 22. a4 Rfd8 23. Qg5 h6 24. Qf4 Ne2 25. Qe3 Nc3 26. a5 b5 27. a6 Nd5
28. Qxa7 Nf4 29. Qe3 Nd5 30. Qf2 b4 31. Rfb1 Qc2 32. a7 Ra8 33. Qc5 Qd3 34. Qc4
Qe3 35. Qc5 Qf4 36. Qf2 Ne3 37. Rxb4 Nd5 38. Rba4 Nc3 39. Nxc3 Qxd2 40. Qxd2
Rxd2 41. Ne4 Rd7 42. Rb4 f5 43. Rb8+ Kh7 44. Rxa8 fxe4 45. Rh8+ Kxh8 46. a8=Q+
Kh7 47. Qxe4+ Kg8 48. Qe6+ Rf7 49. Ra7 Kh8 50. Qxf7 Kh7 51. Qxg7# {Normal} 1-0

[Event "Rated Blitz game"]
[Site "?"]
[Date "2021.06.09"]
[Round "?"]
[White "Naruito64"]
[Black "blackwolfrun"]
[Result "0-1"]
[WhiteElo "2436"]
[BlackElo "2327"]
[PlyCount "56"]
[EventDate "2021.??.??"]
[EventType "blitz"]

1. e4 e5 2. Nf3 d5 3. Nc3 d4 4. Ne2 Bd6 5. c3 c5 6. d3 Ne7 7. Ng3 O-O 8. Be2 f5
9. exf5 Nxf5 10. O-O Nxg3 11. fxg3 Nc6 12. Bg5 Qb6 13. Nd2 dxc3 14. bxc3 Be6
15. Nc4 Qc7 16. Rxf8+ Rxf8 17. Bg4 Bd5 18. Qe2 b5 19. Nxd6 Qxd6 20. Bf3 Bxf3
21. gxf3 b4 22. Rb1 bxc3 23. Rb7 Nd4 24. Qe3 Nxf3+ 25. Kg2 Qd4 26. Qxd4 cxd4
27. Bc1 Ne1+ 28. Kh3 Nxd3 {Normal} 0-1

[Event "Rated Blitz game"]
[Site "?"]
[Date "2021.06.09"]
[Round "?"]
[White "Sanek1206"]
[Black "KinzyabulatovRenat"]
[Result "1-0"]
[WhiteElo "2407"]
[BlackElo "2378"]
[PlyCount "65"]
[EventDate "2021.??.??"]
[EventType "blitz"]

1. e4 e5 2. Nf3 d5 3. d4 dxe4 4. Nxe5 Bd6 5. Nc4 Nf6 6. Nxd6+ Qxd6 7. c4 Nc6 8.
d5 Ne5 9. Nc3 O-O 10. Be2 c6 11. dxc6 Qxc6 12. Qd4 Re8 13. Bf4 Nd3+ 14. Bxd3
exd3+ 15. Kf1 Be6 16. c5 Rad8 17. Bd6 b6 18. b4 bxc5 19. bxc5 Bf5 20. h3 Ne4
21. Qd5 Qa6 22. Nd1 d2+ 23. Kg1 Nxd6 24. cxd6 Re1+ 25. Kh2 Rxh1+ 26. Kxh1 Qf1+
27. Kh2 Bxh3 28. gxh3 Qe2 29. d7 g6 30. Kg2 h5 31. Ne3 Kh7 32. Qxf7+ Kh6 33.
Rd1 {Normal} 1-0

[Event "Rated Blitz game"]
[Site "?"]
[Date "2021.06.09"]
[Round "?"]
[White "YourDentist93"]
[Black "TouchPadPlayer"]
[Result "1-0"]
[WhiteElo "2412"]
[BlackElo "2426"]
[PlyCount "47"]
[EventDate "2021.??.??"]
[EventType "blitz"]

1. e4 e5 2. Nf3 d5 3. Nxe5 Qe7 4. d4 f6 5. Nf3 dxe4 6. Nfd2 Nc6 7. Bb5 Bd7 8.
O-O f5 9. c3 Nf6 10. Nc4 O-O-O 11. Bf4 h6 12. Qa4 Kb8 13. Nbd2 g5 14. Be5 Rg8
15. Bxf6 Qxf6 16. d5 Ne5 17. Nxe5 Qxe5 18. Bxd7 Bd6 19. g3 h5 20. Nc4 Qe7 21.
Be6 Rg7 22. Na5 f4 23. Qb5 Bc5 24. Qxb7# {Normal} 1-0

[Event "Rated Blitz game"]
[Site "?"]
[Date "2021.06.09"]
[Round "?"]
[White "DesertWolfTempo"]
[Black "ahoramahora"]
[Result "1-0"]
[WhiteElo "2471"]
[BlackElo "2376"]
[PlyCount "57"]
[EventDate "2021.??.??"]
[EventType "blitz"]

1. e4 e5 2. Nf3 d5 3. d4 dxe4 4. Nxe5 Nd7 5. Nc4 Ngf6 6. Be2 h6 7. O-O Bb4 8.
c3 Be7 9. f3 exf3 10. Bxf3 O-O 11. Bf4 Nb6 12. Ne5 Nbd7 13. Nd3 Nb6 14. Re1 Re8
15. Nd2 Bf5 16. Ne5 Bd6 17. Qb3 Be6 18. Qc2 Bd5 19. Be2 Nbd7 20. c4 Be6 21. Bd3
Bxe5 22. Bxe5 c6 23. Nf3 Nxe5 24. Rxe5 Qd7 25. Rae1 Rad8 26. h3 Bxh3 27. gxh3
Qxh3 28. Qg2 Qh5 29. Rxh5 {Normal} 1-0

[Event "Rated Blitz game"]
[Site "?"]
[Date "2021.06.09"]
[Round "?"]
[White "matador1104"]
[Black "ahoramahora"]
[Result "1-0"]
[WhiteElo "2448"]
[BlackElo "2402"]
[PlyCount "87"]
[EventDate "2021.??.??"]
[EventType "blitz"]

1. e4 e5 2. Nf3 d5 3. d4 dxe4 4. Nxe5 Nd7 5. Nxd7 Bxd7 6. Bc4 Nf6 7. O-O h6 8.
Nc3 Bb4 9. a3 Bxc3 10. bxc3 O-O 11. Bf4 Bf5 12. Re1 Re8 13. Rb1 b6 14. Bb5 Re7
15. Bc6 Rb8 16. h3 Bd7 17. Bxd7 Qxd7 18. Be5 Qf5 19. Qd2 Rd8 20. Bh2 c5 21. a4
Qd5 22. Rb5 Qc4 23. Reb1 Qxa4 24. Qe2 cxd4 25. R5b4 Qa2 26. cxd4 Nd5 27. R4b2
Nc3 28. Qe1 Qa5 29. Rc1 Rxd4 30. Ra1 Ra4 31. Rxa4 Qxa4 32. Bd6 Rd7 33. Qxc3
Rxd6 34. Qc8+ Kh7 35. Qf5+ Rg6 36. Rb5 Qa1+ 37. Kh2 Qf6 38. Qxe4 Qxf2 39. Rf5
Qg3+ 40. Kh1 a5 41. Rxf7 h5 42. Rf5 h4 43. Rh5+ Kg8 44. Qe8# {Normal} 1-0

[Event "Rated Blitz game"]
[Site "?"]
[Date "2021.06.09"]
[Round "?"]
[White "NAHAL_NAHALbI4"]
[Black "blastol"]
[Result "1-0"]
[WhiteElo "2335"]
[BlackElo "2443"]
[PlyCount "95"]
[EventDate "2021.??.??"]
[EventType "blitz"]

1. e4 e5 2. Nf3 d5 3. Nxe5 Bd6 4. d4 dxe4 5. Bc4 Bxe5 6. Qh5 Qe7 7. dxe5 Be6 8.
Bxe6 Qxe6 9. Nc3 Nc6 10. Nxe4 Qxe5 11. Qxe5+ Nxe5 12. O-O O-O-O 13. Bf4 Ng6 14.
Bg5 f6 15. Be3 N8e7 16. Rad1 h6 17. Nc5 Nf5 18. Bd2 Rd6 19. Bc3 Rhd8 20. Rxd6
Rxd6 21. Re1 b6 22. Re8+ Rd8 23. Rxd8+ Kxd8 24. Ne4 Nf4 25. Kf1 Nd5 26. Bd2 Nd4
27. c3 Ne6 28. g3 f5 29. c4 fxe4 30. cxd5 Nd4 31. Bc3 Nf3 32. h4 g5 33. h5 Kd7
34. Bg7 Kd6 35. Bxh6 Kxd5 36. Bg7 Ke6 37. Ke2 Kf7 38. Bc3 Nh2 39. Ke3 Ng4+ 40.
Kxe4 Nxf2+ 41. Kf5 Nh3 42. Bd4 Kg8 43. Kg6 c5 44. Bf6 Nf4+ 45. gxf4 gxf4 46. h6
f3 47. h7+ Kf8 48. h8=Q# {Normal} 1-0

[Event "Rated Blitz game"]
[Site "?"]
[Date "2021.06.09"]
[Round "?"]
[White "GoropadniPoni"]
[Black "ibrahim_karpove2700"]
[Result "0-1"]
[WhiteElo "2402"]
[BlackElo "2357"]
[PlyCount "68"]
[EventDate "2021.??.??"]
[EventType "blitz"]

1. e4 e5 2. Nf3 d5 3. Nxe5 Bd6 4. d4 dxe4 5. Bc4 Bxe5 6. dxe5 Qxd1+ 7. Kxd1 Nc6
8. Bf4 Bg4+ 9. Ke1 O-O-O 10. Nc3 Nd4 11. Rc1 Ne7 12. Bxf7 Rhf8 13. e6 Nxe6 14.
Bxe6+ Bxe6 15. Bg5 Rf7 16. Nxe4 h6 17. Bh4 g5 18. Bg3 Bf5 19. Nc3 Nc6 20. f3
Re7+ 21. Kf2 Rd2+ 22. Kg1 Bxc2 23. h4 g4 24. fxg4 Nd4 25. Kh2 Be4 26. Nxe4 Rxe4
27. Rxc7+ Kd8 28. Rf7 Rxg4 29. Rc1 Rxg3 30. Rcc7 Rdxg2+ 31. Kh1 Rg1+ 32. Kh2
Nf3+ 33. Rxf3 Rxf3 34. Rxb7 Rc1 {Time forfeit} 0-1

[Event "Rated Blitz tournament UhbYpRI7"]
[Site "?"]
[Date "2021.06.09"]
[Round "?"]
[White "Agontuk"]
[Black "Gendut_BKD"]
[Result "0-1"]
[WhiteElo "2519"]
[BlackElo "2370"]
[PlyCount "176"]
[EventDate "2021.??.??"]
[EventType "blitz"]

1. e4 e5 2. Nf3 d5 3. Nxe5 Bd6 4. d4 dxe4 5. Nc3 Bxe5 6. dxe5 Qxd1+ 7. Nxd1 Nc6
8. Bf4 Bd7 9. Nc3 Nge7 10. O-O-O Ng6 11. Bg3 Ngxe5 12. Nxe4 O-O-O 13. Bb5 a6
14. Ba4 Bf5 15. Nc5 f6 16. f4 Nd7 17. Bf2 Nxc5 18. Bxc5 Bd7 19. Rhe1 Rhe8 20.
g3 Rxe1 21. Rxe1 Re8 22. Rxe8+ Bxe8 23. Bb3 g6 24. c3 Kd7 25. Kd2 Nd8 26. Bd5
Bf7 27. Bxf7 Nxf7 28. Bd4 Ke6 29. Kd3 Nd6 30. c4 f5 31. Be5 b6 32. b4 c5 33.
bxc5 bxc5 34. Bc3 Ne4 35. Be1 Kd6 36. g4 Kc6 37. h4 Nd6 38. g5 Ne4 39. Ke3 Kd6
40. Kd3 Kc6 41. Bc3 Nd6 42. Be5 Ne4 43. h5 Kd7 44. h6 Ke6 45. Kc2 Kd7 46. Kb3
Kc6 47. Ka4 Nd2 48. Ka5 Nxc4+ 49. Kxa6 Nxe5 50. fxe5 f4 51. e6 Kd6 52. Kb6 f3
53. a4 f2 54. a5 f1=Q 55. a6 Qb1+ 56. Ka7 Kxe6 57. Ka8 Qb4 58. a7 Qg4 59. Kb8
Qe4 60. Kc7 c4 61. Kd8 Qa8+ 62. Kc7 Qxa7+ 63. Kd8 Qc5 64. Ke8 Qxg5 65. Kf8
Qxh6+ 66. Kg8 Qg5 67. Kh8 h5 68. Kh7 h4 69. Kg8 Kf5 70. Kg7 Kg4 71. Kg8 Qf4 72.
Kg7 g5 73. Kg8 Qg3 74. Kg7 Kf3 75. Kg8 h3 76. Kg7 h2 77. Kg6 g4 78. Kg5 c3 79.
Kf5 Kf2 80. Kg5 Kg1 81. Kf5 Qg2 82. Kg5 g3 83. Kg6 h1=Q 84. Kg5 Qf1 85. Kg6 g2
86. Kg7 Kf2 87. Kg8 Ke1 88. Kg7 g1=Q# {Normal} 0-1

[Event "Rated Blitz game"]
[Site "?"]
[Date "2021.06.09"]
[Round "?"]
[White "fathermother"]
[Black "KinzyabulatovRenat"]
[Result "1-0"]
[WhiteElo "2450"]
[BlackElo "2391"]
[PlyCount "41"]
[EventDate "2021.??.??"]
[EventType "blitz"]

1. e4 e5 2. Nf3 d5 3. exd5 e4 4. Qe2 Nf6 5. Nc3 Be7 6. Nxe4 Nxd5 7. d4 O-O 8.
Be3 Re8 9. c3 Nc6 10. O-O-O f5 11. Nc5 f4 12. Qc4 fxe3 13. fxe3 Kh8 14. Qd3 Bg5
15. Re1 Nxe3 16. Ne4 Nxg2+ 17. Nfxg5 Nxe1 18. Qg3 Qe7 19. Bc4 Rf8 20. Rxe1 h6
21. Nf3 {Time forfeit} 1-0

[Event "Rated Blitz game"]
[Site "?"]
[Date "2021.06.09"]
[Round "?"]
[White "gab_tabligan11"]
[Black "KinzyabulatovRenat"]
[Result "1-0"]
[WhiteElo "2412"]
[BlackElo "2401"]
[PlyCount "81"]
[EventDate "2021.??.??"]
[EventType "blitz"]

1. e4 e5 2. Nf3 d5 3. Nxe5 Bd6 4. d4 dxe4 5. Be2 Nf6 6. O-O O-O 7. c4 Bxe5 8.
dxe5 Nfd7 9. Bf4 Nc6 10. Qd5 Qe7 11. Qxe4 Ndxe5 12. Bxe5 Qxe5 13. Qxe5 Nxe5 14.
Nc3 Be6 15. b3 Rad8 16. Rad1 c6 17. h3 Bf5 18. f4 Nd7 19. g4 Bc2 20. Rc1 Bxb3
21. axb3 Nc5 22. b4 Nb3 23. Rcd1 Nd4 24. Bf3 Rfe8 25. Bg2 Re3 26. Na4 b6 27.
Kh1 g6 28. Rfe1 Rb3 29. Re4 Ne6 30. Rxd8+ Nxd8 31. Re8+ Kg7 32. Rxd8 Rxb4 33.
Bxc6 Rxc4 34. Bb5 Rb4 35. Be8 Rxf4 36. Ra8 b5 37. Nc5 Rc4 38. Rc8 Kf6 39. Bxb5
Rb4 40. Rc6+ Ke5 41. Nd3+ {Normal} 1-0

[Event "Rated Blitz game"]
[Site "?"]
[Date "2021.06.09"]
[Round "?"]
[White "sathyanv"]
[Black "BrilliantGambiteer"]
[Result "1-0"]
[WhiteElo "2404"]
[BlackElo "2370"]
[PlyCount "103"]
[EventDate "2021.??.??"]
[EventType "blitz"]

1. e4 e5 2. Nf3 d5 3. Nxe5 Bd6 4. d4 dxe4 5. Nc3 Bxe5 6. dxe5 Qxd1+ 7. Kxd1 Nc6
8. Nxe4 Nxe5 9. Bf4 f6 10. f3 Bf5 11. Bb5+ Kf7 12. Ke2 Bxe4 13. fxe4 Ne7 14.
Rhf1 N7g6 15. Be3 a6 16. Ba4 b5 17. Bb3+ Nc4 18. Rad1 Rad8 19. a4 Rhe8 20. axb5
axb5 21. Rxd8 Rxd8 22. Rf5 Nge5 23. Bf4 Kg6 24. Bxc4 Nxc4 25. Rxb5 Re8 26. Kd3
Ne5+ 27. Bxe5 fxe5 28. Rc5 Re7 29. b4 Kf6 30. Kc4 Ke6 31. b5 Kd6 32. Rc6+ Kd7
33. Kd5 Re8 34. c4 Re7 35. g4 Re8 36. g5 Re7 37. h4 Re8 38. h5 Re7 39. g6 h6
40. b6 cxb6 41. Rxb6 Kc7 42. Re6 Rd7+ 43. Kxe5 Rd1 44. Re7+ Kc6 45. Rxg7 Rh1
46. Rf7 Rxh5+ 47. Kf6 Rg5 48. g7 Kc5 49. e5 Kxc4 50. e6 Kd5 51. e7 Kd6 52. e8=Q
{Normal} 1-0

[Event "Rated Blitz game"]
[Site "?"]
[Date "2021.06.08"]
[Round "?"]
[White "jonyverma"]
[Black "Chisopa1"]
[Result "0-1"]
[WhiteElo "2275"]
[BlackElo "2433"]
[PlyCount "48"]
[EventDate "2021.??.??"]
[EventType "blitz"]

1. e4 e5 2. Nf3 d5 3. d4 dxe4 4. Nxe5 Bd6 5. Qh5 g6 6. Qe2 Nf6 7. Bg5 O-O 8.
Nd2 Be7 9. Bh6 Re8 10. O-O-O Nc6 11. Nxe4 Bf5 12. Ng3 Be6 13. Kb1 Nxd4 14. Qd2
c5 15. Bd3 b5 16. Qf4 b4 17. h4 Qa5 18. Nc4 Qa6 19. Rhe1 Bxc4 20. Bxc4 Qxc4 21.
Rxe7 Qxc2+ 22. Ka1 Qxd1+ 23. Qc1 Qxc1+ 24. Bxc1 Rxe7 {Normal} 0-1

[Event "Rated Blitz tournament Fr1ITCYi"]
[Site "?"]
[Date "2021.06.08"]
[Round "?"]
[White "charan007"]
[Black "dr_xStranger"]
[Result "0-1"]
[WhiteElo "2236"]
[BlackElo "2517"]
[PlyCount "30"]
[EventDate "2021.??.??"]
[EventType "blitz"]

1. e4 e5 2. Nf3 d5 3. exd5 e4 4. Qe2 Nf6 5. Nc3 Be7 6. Nxe4 O-O 7. d3 Re8 8.
Be3 Nxd5 9. O-O-O f5 10. Nc3 Nxc3 11. bxc3 f4 12. Bxf4 Ba3+ 13. Kb1 Rxe2 14.
Bxe2 Qf6 15. Bd2 Qb6+ {Normal} 0-1

[Event "Rated Blitz game"]
[Site "?"]
[Date "2021.06.08"]
[Round "?"]
[White "Ute-Manfred"]
[Black "magos33"]
[Result "1-0"]
[WhiteElo "2560"]
[BlackElo "2373"]
[PlyCount "111"]
[EventDate "2021.??.??"]
[EventType "blitz"]

1. e4 e5 2. Nf3 d5 3. exd5 e4 4. Qe2 Nf6 5. d3 Qxd5 6. Nbd2 Bc5 7. dxe4 Qe6 8.
Qc4 Qb6 9. Qb5+ Nc6 10. Qxb6 axb6 11. Bb5 O-O 12. O-O Re8 13. Re1 Re7 14. c3
Bd7 15. Bd3 Ng4 16. Re2 Nce5 17. Nxe5 Nxe5 18. Bc2 b5 19. Nb3 Bb6 20. Bf4 Nc4
21. Bd3 Bg4 22. Rc2 Rd8 23. Bxc4 bxc4 24. Nd2 Be2 25. Re1 Bd3 26. Rcc1 f6 27.
h4 Rde8 28. Be3 c5 29. b4 cxb3 30. Nxb3 Rxe4 31. Red1 Rxe3 32. fxe3 Rxe3 33.
Kf2 c4 34. Nd4 Re4 35. Kf3 Rxh4 36. Rxd3 cxd3 37. Ke3 Bxd4+ 38. cxd4 Rg4 39.
Kxd3 Rxg2 40. a4 Ra2 41. Rc4 Kf7 42. d5 Ke7 43. Rb4 Kd6 44. Kc4 h5 45. Kb3 Ra1
46. Kb2 Rd1 47. Rxb7 Rxd5 48. Rxg7 h4 49. Rh7 Rd4 50. Kb3 Ke5 51. a5 Kf5 52. a6
Kg5 53. a7 Rd8 54. Kc4 f5 55. Kc5 f4 56. Rg7+ {Time forfeit} 1-0